|
|
|
|
| LEADER |
02402nam a2200397Ia 4500 |
| 001 |
9781134807789 |
| 003 |
FlBoTFG |
| 005 |
20100917220220.0 |
| 006 |
a|||||s||||||||||| |
| 007 |
cr|||| |
| 008 |
100315t19951993enkabf sb 001 0 eng d |
| 020 |
|
|
|a 9780203431467 (e-book : PDF)
|
| 040 |
|
|
|a FlBoTFG
|c FlBoTFG
|d GrThAP
|
| 043 |
|
|
|a e-gr---
|
| 090 |
|
|
|a U21.2
|b .W37 1995
|
| 092 |
|
|
|a 303.660938
|b W253
|
| 245 |
0 |
0 |
|a War and society in the Greek world
|h [electronic resource] /
|c edited by John Rich and Graham Shipley.
|
| 260 |
|
|
|a London ;
|a New York :
|b Routledge,
|c 1995, c1993.
|
| 300 |
|
|
|a xiii, 263 p., plates :
|b ill., map ;
|c [ca. 23-29] cm.
|
| 490 |
1 |
|
|a Leicester-Nottingham studies in ancient society ;
|v v. 4
|
| 500 |
|
|
|a Rev. versions of papers presented at meetings held in Leicester and Nottingham 1988-1990.
|
| 504 |
|
|
|a Includes bibliographical references and index.
|
| 505 |
0 |
|
|a 1. Introduction : the limits of war / Graham Shipley -- 2. War in the Hebrew Bible / Robert Carroll -- 3. Hoplites and Homer : warefare, hero cult, and the ideology of the polis / Hugh Bowden -- 4. War and raids for booty in the world of Odysseus / Alastar Jackson -- 5. War, slavery, and settlement in early Greece -- 6. Asia unmanned : images of victory in classicial Athens / Edith Hall -- 7. Farming and fightin in ancient Greece / Lin Foxhall -- 8. Warefare, wealth, and the crisis of Spartiate society / Stephen Hodkinson -- 9. Warfare, economy, and democracy in classical Athens / Paul Millett -- 10. Alexander and the Macedonian invasion of Asia : aspects of the historiography of war and empire in antiquity / Michel Austin -- 11. The glorious dead : commemoration of the fallen and portrayal of victory in the late classical and hellenistic world / Ellen Rice.
|
| 530 |
|
|
|a Also available in print edition.
|
| 533 |
|
|
|a Electronic reproduction.
|b [London, Eng. :
|b Taylor and Francis,
|d 2010].
|n PDF file created from digital scan of print book.
|
| 650 |
|
0 |
|a War.
|
| 651 |
|
0 |
|a Greece
|x History, Military
|y To 146 B.C.
|
| 655 |
|
7 |
|a Electronic books.
|2 lcsh
|
| 700 |
1 |
|
|a Rich, John,
|d 1944-
|
| 700 |
1 |
|
|a Shipley, Graham.
|
| 776 |
1 |
|
|z 9780415121668
|
| 776 |
1 |
|
|z 9780415066433
|
| 776 |
1 |
|
|z 0415066433
|
| 776 |
1 |
|
|z 0415121663
|
| 830 |
|
0 |
|a Leicester-Nottingham studies in ancient society ;
|v v. 4.
|
| 856 |
4 |
0 |
|u http://www.tandfebooks.com/isbn/9780203431467
|z Full Text via HEAL-Link
|